000 00931nam a22002897a 4500
003 CHAP
005 20220329135032.0
008 971013s1973 r 00010 d
010 _a29914
011 _a30886
035 _a34998
040 _cCHAP
082 _a510.783
_bM3Y
100 0 0 _aMaley, Herald A.
_970151
245 _aIntroducción a las computadoras digitales
_b: técnicas de operación, diseño lógico, programación
260 _aMéxico, D.F. :
_bLimusa,
_c1973
300 _a278 p
590 _aBATCH-UPD
_b10
_c20130110
_lUCH01
_h2032
590 _aBATCH-UPD
_b10
_c20130410
_lUCH01
_h1348
590 _aBATCH-UPD
_b10
_c20130914
_lUCH01
_h0816
590 _aCONVERSION
_b10
_c20130109
_lUCH01
_h1317
650 1 4 _aCalculadoras electrónicas.
_917344
700 0 _aHeilweil, Melvin F.
_953343
901 _aBK
942 _cLIBRO
949 _a510.783 M3Y
_bBC
_cLIBRO
_d33724000413167
_eLIBRO
_h45876
_i34998
_si
_t90.00
999 _c29914
_d29914